Ứng dụng công nghệ GIS thành lập bản đồ hiện trạng sử dụng đất thành phố Đà Nẵng

Cơ sở lý luận của đề tài. Đặc điểm tài nguyên đất và hiện trạng sử dụng đất thành phố Đà Nẵng.Ứng dụng công nghệ GIS thành lập bản đồ hiện trạng sử dụng đất thành phố Đà Nẵng.

Sparad:
Bibliografiska uppgifter
Huvudupphovsman: Nguyễn, Thị Bích Hạnh
Övriga upphovsmän: Hồ,Phong Th.S (Hướng dẫn)
Materialtyp: Bok
Språk:Vietnamese
Publicerad: Đà Nẵng Trường Đại học Sư phạm 2009
Serie:Khóa luận tốt nghiệp ĐH. Chuyên ngành: Địa Lý
Ämnen:
Taggar: Lägg till en tagg
Inga taggar, Lägg till första taggen!
Thư viện lưu trữ: Mạng thư viện Đại học Đà Nẵng
LEADER 01604nam a2200337 4500
001 000011509
003 7758
005 20120206100230.0
008 120206s2009 viesd
041 |a vie 
072 |a Khóa luận tốt nghiệp 
082 |a 005.4  |b NG-H 
100 |a Nguyễn, Thị Bích Hạnh 
245 |a Ứng dụng công nghệ GIS thành lập bản đồ hiện trạng sử dụng đất thành phố Đà Nẵng  |c Nguyễn, Thị Bích Hạnh; Người hướng dẫn Hồ,Phong 
260 |a Đà Nẵng  |b Trường Đại học Sư phạm  |c 2009 
300 |a 59tr, ảnh, biểu đồ,  |c 29 cm. 
490 |a Khóa luận tốt nghiệp ĐH. Chuyên ngành: Địa Lý 
500 |a Tài liệu tham khảo tr.59. Phụ lục 
520 |a Cơ sở lý luận của đề tài. Đặc điểm tài nguyên đất và hiện trạng sử dụng đất thành phố Đà Nẵng.Ứng dụng công nghệ GIS thành lập bản đồ hiện trạng sử dụng đất thành phố Đà Nẵng. 
653 |a Khóa luận tốt nghiệp Đại học 
700 |a Hồ,Phong  |c Th.S  |e Hướng dẫn 
OWN |a LSP 
AVA |a UDN50  |b LSP  |d 005.4 NG-H  |e available  |t Error 5001 Not defined in file expand_doc_bib_avail.  |f 1  |g 0  |h N  |i 0  |k 1 
999 |a From the UDN01 
AVA |a UDN50  |b LSP  |d 005.4 NG-H  |e available  |t Error 5001 Not defined in file expand_doc_bib_avail.  |f 1  |g 0  |h N  |i 0  |k 1 
TYP |a Monograph 
TYP |a Printed language 
980 |a Mạng thư viện Đại học Đà Nẵng